| 000 | 00741nam a22002297a 4500 | ||
|---|---|---|---|
| 001 | 32567 | ||
| 003 | AR-RoBPED | ||
| 005 | 20260414131957.0 | ||
| 008 | 260413s1970 sp ||||er|||| 001 1 spa d | ||
| 040 | _aAR-RoBPED | ||
| 041 | _aspa | ||
| 100 | 1 |
_aChejov, Anton Pavlovich _d1860-1904 _915983 |
|
| 245 | 1 | 0 |
_aNarraciones / _cAnton P. Chejov ; prólogo de José Lain Entralgo. |
| 260 |
_aEstella [Navarra] : _bSalvat, _c1970. |
||
| 300 | _a170 p. | ||
| 490 | 0 |
_a(Biblioteca Básica Salvat ; _vN° 48) |
|
| 650 | 4 |
_aLITERATURA RUSA _93413 |
|
| 650 | 4 |
_aCUENTOS _9291 |
|
| 700 | 1 |
_aLaín Entralgo, José _d1910-1972 _929867 _eprol. |
|
| 942 |
_2udc _cBK _h882-3 _mCh 33 n _nInv. 42322 _aK. 32567 |
||
| 945 | _assanchez 13/04/26 - cd 14/04/2026 | ||
| 999 |
_c32567 _d32567 |
||